Practice Workbook Artificial Intelligence And Soft Computing For Beginners (Record no. 348884)

MARC details
000 -LEADER
fixed length control field 00513nam a2200169Ia 4500
008 - FIXED-LENGTH DATA ELEMENTS--GENERAL INFORMATION
fixed length control field 230718s9999 xx 000 0 und d
020 ## - INTERNATIONAL STANDARD BOOK NUMBER
International Standard Book Number 9789352137602
041 ## - LANGUAGE CODE
Language code of text/sound track or separate title eng
082 ## - DEWEY DECIMAL CLASSIFICATION NUMBER
Classification number 006.3
Item number DAS
100 ## - MAIN ENTRY--PERSONAL NAME
Personal name Das Bhattacharjee A.
9 (RLIN) 201235
245 ## - TITLE STATEMENT
Title Practice Workbook Artificial Intelligence And Soft Computing For Beginners
260 ## - PUBLICATION, DISTRIBUTION, ETC. (IMPRINT)
Date of publication, distribution, etc. 2018
Name of publisher, distributor, etc. SPD/O'Reilly
300 ## - PHYSICAL DESCRIPTION
Extent 190
365 ## - TRADE PRICE
Currency code Rs.
Price amount 325.00
700 ## - ADDED ENTRY--PERSONAL NAME
Personal name Das Bhattacharjee A.
9 (RLIN) 201235
906 ## - LOCAL DATA ELEMENT F, LDF (RLIN)
d O:0622726-Nov-2018B:489112-Nov-2018
c TC
b 71.5
Holdings
Withdrawn status Lost status Damaged status Not for loan Home library Current library Date acquired Vendor Budget Code Cost, normal purchase price Bill number Total Checkouts Full call number Barcode Date last seen Discount Cost, replacement price Bill Date Koha item type Original Barcode
        Cummins College of Engineering for Women Pune Cummins College of Engineering for Women Pune 26/11/2018 Technical Book Services TC 253.50 4891   006.3 CCEP-BK-60091 18/07/2023 71.5 325.00 12/11/2018 Books 060091